Disney . Lettre I - Statistiques

Statistiques générales
  • Ce quiz a été pris 378 fois
  • Le résultat moyen est 6 sur 10
Statistiques - réponses
Question Raipo ce % Correct
Pays ou se situe l'action e Pinocchio ou Luca Italie
98%
Type de restaurant où dîne la Belle et le clochard Italien
91%
Les personnages principaux de 1001 pattes sont des Insectes
84%
Pays où se situe l'action du Livre de la Jungle Inde
81%
Perroquet machiavelique Iago
73%
Metier du papa de Belle Inventeur
68%
Kuzco est l'empereur des Incas
65%
État américain où se déroulent les histoires de " Chicken Little " , " Bienvenue chez les Robinson " et " Rox et Rouky " ? Iowa
37%
Maman d'Arlo Ida
27%
Professeur dans " Le crapaud et le maitre d'école " Ichabod
7%
Aucun quiz correspondant
Distribution des résultats
% des personnes avec chaque résultat
Percentile par nombre de réponses
Votre historique - résultats
Vous n’avez pas pris ce quiz